Le centaure, la bacchante et le serpent (notice n° 1605227)
[ vue normale ]
| 000 -LEADER | |
|---|---|
| fixed length control field | 01656cam a2200181 4500500 |
| 005 - DATE AND TIME OF LATEST TRANSACTION | |
| control field | 20251228094947.0 |
| 041 ## - LANGUAGE CODE | |
| Language code of text/sound track or separate title | fre |
| 042 ## - AUTHENTICATION CODE | |
| Authentication code | dc |
| 100 10 - MAIN ENTRY--PERSONAL NAME | |
| Personal name | Bouit, Delphine |
| Relator term | author |
| 245 00 - TITLE STATEMENT | |
| Title | Le centaure, la bacchante et le serpent |
| 260 ## - PUBLICATION, DISTRIBUTION, ETC. | |
| Date of publication, distribution, etc. | 2013.<br/> |
| 500 ## - GENERAL NOTE | |
| General note | 91 |
| 520 ## - SUMMARY, ETC. | |
| Summary, etc. | La démesure est-elle inhérente à la nature humaine ? Un même souffle circule entre l’animal, l’humain et le divin. C’est ce que nous font découvrir les courses du centaure et de la bacchante. La signification du vécu existentiel est donnée par le serpent, un serpent lumineux comme celui de Goethe, qui peut se substituer au serpent, empêché, de Maurice de Guérin. Nous passons alors à l’harmonie. |
| 520 ## - SUMMARY, ETC. | |
| Summary, etc. | Is excessiveness inherent to human nature ? The same breath flows between animals, humans, and gods : this is what the centaurs’ and bacchantes’ races lead us to discover. The snake, luminous as Goethe’s and able to substitute for Maurice de Guérin’s sinful serpent, provides the meaning for real-life existential experience. We can thus move on to harmony. |
| 520 ## - SUMMARY, ETC. | |
| Summary, etc. | Será a desmesura inerente à natureza humana ? Um mesmo sopro circula por entre o animal, o humano e o divino, como testemunham as corridas do centauro e da bacante. A significação existencial da experiência é simbolizada pela serpente ; serpente luminosa como a de Goethe, que substitui a serpente empedernida de Maurice de Guérin, e através da qual ascendemos à harmonia. |
| 786 0# - DATA SOURCE ENTRY | |
| Note | Sigila | 32 | 2 | 2013-10-01 | p. 95-105 | 1286-1715 |
| 856 41 - ELECTRONIC LOCATION AND ACCESS | |
| Uniform Resource Identifier | <a href="https://shs.cairn.info/revue-sigila-2013-2-page-95?lang=fr&redirect-ssocas=7080">https://shs.cairn.info/revue-sigila-2013-2-page-95?lang=fr&redirect-ssocas=7080</a> |
Pas d'exemplaire disponible.




Réseaux sociaux